Catálogo

Histología básica / (Registro nro. 37488)

Detalles MARC
000 -LEADER
fixed length control field 00829cam a2200265 i 4500
001 - CONTROL NUMBER
control field 37488
003 - CONTROL NUMBER IDENTIFIER
control field Mx-PuUPA
005 - DATE AND TIME OF LATEST TRANSACTION
control field 20230414123610.0
008 - FIXED-LENGTH DATA ELEMENTS--GENERAL INFORMATION
fixed length control field 140415s1996 sp a r 000 0 spa d
020 ## - INTERNATIONAL STANDARD BOOK NUMBER
International Standard Book Number 8445803700
040 ## - CATALOGING SOURCE
Description conventions rda
Original cataloging agency Mx-PuUPA
Language of cataloging spa
Transcribing agency Mx-PuUPA
Modifying agency Mx-PuUPA
041 0# - LANGUAGE CODE
Language code of text/sound track or separate title spa
100 1# - MAIN ENTRY--PERSONAL NAME
Personal name Junqueira, Luiz Carlos Uchôa,
Dates associated with a name 1920-2006
Relator term autor
9 (RLIN) 4038
245 10 - TITLE STATEMENT
Title Histología básica /
Statement of responsibility, etc. L.C. Junqueira, José Carneiro.
250 ## - EDITION STATEMENT
Edition statement 4a. edición
264 #1 - PRODUCTION, PUBLICATION, DISTRIBUTION, MANUFACTURE, AND COPYRIGHT NOTICE
Place of production, publication, distribution, manufacture España :
Name of producer, publisher, distributor, manufacturer Masson,
Date of production, publication, distribution, manufacture, or copyright notice 1996
300 ## - PHYSICAL DESCRIPTION
Extent 499 páginas :
Other physical details ilustraciones ;
Dimensions 27 cm.
336 ## - CONTENT TYPE
Content type term texto
Fuente rdacontent
Content type code txt
337 ## - MEDIA TYPE
Media type term sin medio
Source rdamedia
Media type code n
338 ## - CARRIER TYPE
Carrier type term volumen
Source rdacarrier
Carrier type code nc
650 #4 - SUBJECT ADDED ENTRY--TOPICAL TERM
Topical term or geographic name entry element Histología
700 1# - ADDED ENTRY--PERSONAL NAME
Personal name Carneiro, José,
Relator term autor
942 ## - ADDED ENTRY ELEMENTS (KOHA)
Source of classification or shelving scheme Dewey Decimal Classification
Koha item type Libro
Classification part 611.0181
Item part J955
Existencias
Withdrawn status Lost status Source of classification or shelving scheme Damaged status Not for loan Home library Current library Shelving location Date acquired Source of acquisition Total Checkouts Full call number Barcode Price effective from Koha item type Collection code Total Renewals Date last seen Date last checked out Copy number
  Extraviado Dewey Decimal Classification     Biblioteca Karol Wojtyla Biblioteca Karol Wojtyla   03/12/2013 Compra   611.0181 JUN 1996 56662 24/04/2017 Libro          
  Extraviado Dewey Decimal Classification     Biblioteca Karol Wojtyla Biblioteca Karol Wojtyla   24/04/2017 Compra   616.0181 JUN 1996 56812 24/04/2017 Libro          
    Dewey Decimal Classification     Biblioteca Karol Wojtyla Biblioteca Karol Wojtyla Sala general 03/12/2013 Compra 32 611.0181 J955 1996 56358 24/04/2017 Libro General 2 05/01/2026 24/01/2025 Ej.2
  Extraviado Dewey Decimal Classification     Biblioteca Karol Wojtyla Biblioteca Karol Wojtyla   24/04/2017 Compra   616.0181 JUN 1996 56675 24/04/2017 Libro          
  No inventariado Dewey Decimal Classification     Biblioteca Karol Wojtyla Biblioteca Karol Wojtyla Sala general 24/04/2017 Compra   616.0181 J955 1996 33746 24/04/2017 Libro General        
    Dewey Decimal Classification     Biblioteca Karol Wojtyla Biblioteca Karol Wojtyla Sala general 24/04/2017 Compra 17 616.0181 J955 1996 56813 24/04/2017 Libro General 1 05/01/2026 01/02/2024 Ej.3